|
|
|
|
| LEADER |
000000000a22000000004500 |
| 001 |
001324 |
| 008 |
170628s1985 bl ||||| |||| 00| 0 por d |
| 041 |
0 |
|
|a portugués
|
| 082 |
|
|
|a 928.69
|b A553d2
|
| 100 |
1 |
|
|a Duarte, Paulo
|
| 245 |
1 |
0 |
|a Mário de Andrade por ele mesmo /
|c Pablo Duarte
|
| 250 |
|
|
|a 2. edición
|
| 260 |
|
|
|a Sao Paulo:
|b HUCITEC,
|c 1985
|
| 300 |
|
|
|a xvii, 370 páginas
|
| 500 |
|
|
|a Número de inscripción 12315 (Colección George Yúdice) -- Edición conmemorativa de los 40 años de fallecimiento de Mario de Andrade
|
| 600 |
1 |
4 |
|a ANDRADE, MARIO DE
|d 1893-1945
|
| 700 |
1 |
2 |
|a Candido, Antonio, 1918,
|e prefacio
|
| 942 |
|
|
|2 ddc
|c BK
|
| 999 |
|
|
|c 2340
|d 2340
|